Naruto - Characters - Statistics

General Stats
  • This quiz has been taken 1,790 times
  • The average score is 80 of 173
Answer Stats
Affiliation Name % Correct
Team 7 Naruto Uzumaki
99%
Team 7 Sasuke Uchiha
99%
Team 7 Kakashi Hatake
98%
Team 7 Sakura Haruno
98%
Team 8 Hinata Hyuga
96%
Team Guy Neji Hyuga
94%
Akatsuki Obito Uchiha/Tobi
94%
Team Guy Rock Lee
94%
Raikage A
93%
Team 10 Ino Yamanaka
93%
Akatsuki Itachi Uchiha
93%
Team Guy Might Guy
93%
Hokage Minato Namikaze
93%
Team 7 Sai
93%
Team 10 Shikamaru Nara
93%
Hokage | Sanin Tsunade Senju
93%
Sanin Orochimaru
92%
Team 10 Choji Akimichi
91%
Team 8 Kiba Inuzuka
91%
Team Guy Tenten
91%
Anbu Shin
90%
Hokage Hashirama Senju
89%
Team 10 Asuma Sarutobi
88%
Hokage Tobirama Senju
88%
Akatsuki Madara Uchiha
87%
Team 8 Shino Aburame
87%
Team 7 Yamato/Tenzo
87%
Akatsuki Nagato/Pain
86%
Suna Gaara
85%
Hokage Hiruzen Sarutobi
84%
Sanin Jiraiya
82%
Team 8 Kurenai Yuhi
82%
Akatsuki Deidara
81%
Akatsuki Kisame Hoshigaki
80%
Akatsuki Sasori
80%
Akatsuki Konan
79%
Team Ebisu Konohamaru Sarutobi
79%
Akatsuki Hidan
77%
Uzumaki Kushina Uzumaki
76%
Suna Temari
76%
Team 8 Akamaru
74%
Taka Karin
74%
Akatsuki Zetsu
74%
Akatsuki Kakuzu
73%
Uchiha Shisui Uchiha
72%
7 Swordsmen Zabuza Momochi
72%
Bijuu Kurama
71%
Team Ebisu Ebisu
69%
Iwa/Jinchuriki Han
68%
Suna Kankuro
68%
Kumo/Jinchuriki Killer Bee
67%
Taka Suigetsu Hozuki
65%
Taka Jugo
64%
Otsutsuki Kaguya
64%
Konoha Dan Katou
63%
Uchiha Fugaku Uchiha
62%
Akatsuki Yahiko
59%
Kiri Haku Yuki
58%
Anbu Danzo
57%
Konoha Hana Inuzuka
57%
Oto Kabuto
57%
Hyuga Hanabi Hyuga
56%
Mizukage Mei Terumi
56%
Bijuu Shukaku
56%
Otsutsuki Indra
53%
Uzumaki Mito Uzumaki
53%
Bijuu Son Goku
53%
Otsutsuki Hagoromo
51%
Konoha Shikaku Nara
51%
Team Ebisu Moegi Kazamatsuri
49%
Hyuga Hiashi Hyuga
48%
Konoha Iruka Umino
48%
Team Ebisu Udon
48%
Suna Chiyo
47%
Tsuchikage Onoki
47%
Otsutsuki Ashura
46%
Hyuga Hizashi Hyuga
46%
Uchiha Izuna Uchiha
45%
Konoha Rin Nohara
45%
Konoha Anko Mitarashi
44%
Suna Baki
44%
Konoha Inoichi Yamanaka
43%
Bijuu Matatabi
43%
Kumo Darui
41%
Taki/Jinchuriki Fuu
41%
Konoha Fuu Yamanaka
41%
Uchiha Mikoto Uchiha
40%
Konoha Hayate Gekko
39%
Oto Kimimaro Kamuya
39%
Kiri/Jinchuriki Utakata
39%
Mizukage Yagura Karatschi
39%
Kiri Ao
38%
Bijuu Gyuki
38%
Konoha Genma Shiranui
36%
Konoha Ibiki Morino
36%
Oto Tayuya
36%
Bijuu Isobu
35%
Oto Kin Tsuchi
35%
Kazekage Rasa
35%
Konoha Shizune
35%
Bijuu Chomei
34%
Otsutsuki Hamura
34%
Ame Hanzo
34%
Oto Sakon
34%
Kumo/Jinchuriki Yugito Nii
34%
Kiri Chojuro
33%
Bijuu Saiken
33%
Oto Jirobo
32%
Oto Kidomaru
32%
Bijuu Kokuo
31%
Oto Ukon
31%
Kumo Omoi
30%
Kumo Karui
29%
Kumo Samui
26%
Oto Dosu Kinuta
25%
7 Swordsmen Mangetsu Hozuki
25%
Iron Mifune
25%
Konoha Kotetsu Hagane
24%
Iwa Kurotsuchi
24%
Senju Nawaki Senju
24%
Konoha Chouza Akimichi
23%
Uchiha Izumi Uchiha
23%
Tsuchikage Muu
23%
Oto Zaku Abumi
23%
Konoha Aoba Yamashiro
22%
Mizukage Gengetsu Hozuki
22%
7 Swordsmen Juzo Biwa
21%
Uchiha Kagami Uchiha
21%
Iwa Akatsuchi
20%
Konoha Izumo Kamizuki
20%
Konoha Torune Aburame
20%
Konoha Sakumo Hatake
19%
Kumo Ginkaku
17%
Kumo Kinkaku
17%
7 Swordsmen Ameyuri Ringo
15%
Senju Itama Senju
15%
7 Swordsmen Raiga Kurosuki
15%
Konoha Teuchi
15%
7 Swordsmen Jinin Akebino
14%
7 Swordsmen Jinpachi Munshi
14%
Konoha Tsume Inuzuka
14%
Nami Gato
13%
Senju Kawarama Senju
13%
7 Swordsmen Kushimaru Kuriarare
13%
Senju Butsuma Senju
12%
Oto Guren
12%
Iwa/Jinchuriki Roushi
12%
Konoha Shibi Aburame
12%
Nami Tazuna
12%
Konoha Aayame
11%
Suna Ebizou
11%
7 Swordsmen Fuguki Suikazan
11%
Konoha Homura Mitokado
11%
Nami Inari
11%
Mizukage Byakuren
10%
Suna Yashamaru
10%
Konoha Koharu Utatane
9%
Tsuchikage Ishikawa
8%
Suna Matsuri
8%
Kazekage Reto
8%
Kazekage Shamon
8%
Konoha Biwako Sarutobi
7%
Konoha Raidou Namiashi
7%
Nami Tsunami
7%
Oto Yukimaru
5%
Anbu Yuugao Uzuki
4%
Kiri Ranmaru
3%
Taki Shibuki
3%
Suna Yuura
3%
Kiri Gouzu
2%
Suna Karuna
2%
Kiri Meizu
2%
No matching quizzes found
Score Distribution
Percent of People with Each Score
Percentile by Number Answered
Your Score History
You have not taken this quiz